Hegel estetiği ve edebiyat kuramı (Record no. 13074)

MARC details
000 -BAŞLIK
Sabit Uzunlukta Kontrol Alanı 00974na a2200325 4500
999 ## - SİSTEM KONTROL NUMARALARI (KOHA)
Koha Biblionumber 13074
Koha Biblioitemnumber 13074
001 - KONTROL NUMARASI
Denetim Alanı 12627
003 - KONTROL NUMARASI IDENTIFIER
Denetim Alanı MIRAKIL
005 - SON İŞLEM TARİHİ VE ZAMANI
Denetim Alanı 20190327111807.0
008 - SABİT-BOY VERİ ELEMANLARI - GENEL BİLGİLER
Sabit Uzunlukta Kontrol Alanı 160824b tu 000 0
020 ## - ULUSLARARASI STANDART KİTAP NUMARASI
Uluslararası Standart Kitap Numarası 9786053991786
035 ## - SİSTEM KONTROL NUMARASI
Sistem Kontrol Numarası 12627
040 ## - KATALOGLAMA KAYNAK
Orijinal Kataloglama Ajansı Milas
Kataloglama Dili tur
Metne Dönüştürmek Ajansı TR-AnCHP
082 ## - DEWEY ONLU SINIFLANDIRMA NUMARASI
Sınıflandırma Numarası 111.85
Ürün Numarası K84h 2011
090 ## - SINIFLAMA NUMARASI
Sınıflama Numarası 111.85 K84h 2011
100 ## - ANA GİRİŞ - KİŞİSEL İSİM
Kişisel Ad Kula, Onur Bilge
245 ## - BAŞLIK TABLOSU
Başlık Hegel estetiği ve edebiyat kuramı
Sorumluluk Tablosu, Vb Onur Bilge Kula ; yayına hazırlayan Göksun Yazıcı
246 ## - UNVAN FORM VARYING
Başlık Doğru / Kısa Başlığı Edebiyat kuramı
260 ## - YAYIN, DAĞITIM, VB
Yayın, Dağıtım, Vb Yeri İstanbul
Yayıncı, Dağıtıcı, Vs Adı İstanbul Bilgi Üniversitesi Yayınları
Yayın, Dağıtım, Vb Tarihi 2011
300 ## - FİZİKSEL TANIM
Kapsam 3 c.
Boyutlar 23 sm.
490 ## - SERİSİ TABLOSU
Seri Beyanı Felsefe dizisi
Hacim / Ardışık Tanımı 11
490 ## - SERİSİ TABLOSU
Seri Beyanı İstanbul Bilgi Üniversitesi yayınları
Hacim / Ardışık Tanımı 328
504 ## - KAYNAKÇA VB NOT
Kaynakça Vb Notu Dizin vardır.
600 ## - KONU KATMA GİRİŞ - KURUMSAL ADI
Kişisel Ad Hegel, Georg Wilhelm Friedrich
Bir Adıyla İlişkilendirilen Tarihler 1770-1831
Genel Alt Bölümü Estetik
650 ## - KONU KATMA GİRİŞ - TOPİKAL DÖNEM
Topikal Süreli Veya Coğrafi Ad Giriş Elemanı Edebiyat
Genel Alt Bölümü Felsefe
650 ## - KONU KATMA GİRİŞ - TOPİKAL DÖNEM
Topikal Süreli Veya Coğrafi Ad Giriş Elemanı Alman filozoflar
700 ## - KATMA GİRİŞ - KİŞİSEL İSİM
Kişisel Ad Yazıcı, Göksun
942 ## - EKLENDİ GİRİŞ ELEMANLARI (KOHA)
Sınıflandırma Veya Raf Düzeni Kaynak Dewey Decimal Classification
Koha Öğesi Türü Books
999 ## - SİSTEM KONTROL NUMARALARI (KOHA)
Koha Biblioitemnumber 13074
999 ## - SİSTEM KONTROL NUMARALARI (KOHA)
Koha Biblioitemnumber 9592
Holdings
Kalıcı Konum Mevcut Konum Edinme Tarihi Toplam Check-Out'Lar Tam Çağrı Numarası Barkod Tarih Son Görülme İtibaren Geçerli Fiyatlar Koha Öğesi Türü
Parti Okulu Kütüphanesi Parti Okulu Kütüphanesi 03/27/2019   111.85 K84h 2011 P00443 03/27/2019 03/27/2019 Books